Capitals of Eastern Europe - Statistics

General Stats
  • This quiz has been taken 45 times
  • The average score is 5 of 7
Answer Stats
Country Capital % Correct
Russia Moscow
97%
Ukraine Kyiv
93%
Belarus Minsk
79%
Latvia Riga
72%
Estonia Tallinn
72%
Lithuania Vilnius
66%
Moldova Chisinau
52%
No matching quizzes found
Score Distribution
Percent of People with Each Score
Percentile by Number Answered
Your Score History
You have not taken this quiz